| 000 | 00534nam a2200205Ia 4500 | ||
|---|---|---|---|
| 003 | OSt | ||
| 005 | 20230630131638.0 | ||
| 008 | 210423s9999 xx 000 0 und d | ||
| 040 | _cAL | ||
| 041 | _aeng | ||
| 082 |
_a306.2 JOSC _223 |
||
| 100 |
_aJOSHI (Varsha) _9119680 |
||
| 245 | _aCulture communities and change | ||
| 260 |
_bRawat Publications _aJaipur _c2003 |
||
| 365 |
_b395 _cINR |
||
| 650 |
_aPolitical Sociology _9119681 |
||
| 650 |
_aSociology _9119682 |
||
| 906 | _achange ; communities ; Culture | ||
| 942 |
_2ddc _cBK |
||
| 999 |
_c173783 _d173783 |
||